LEADERSHIP INTELLIGENCE THE 5QS FOR THRI (Record no. 32301)
[ view plain ]
| 000 -LEADER | |
|---|---|
| fixed length control field | 00354nam a2200133Ia 4500 |
| 008 - FIXED-LENGTH DATA ELEMENTS--GENERAL INFORMATION | |
| fixed length control field | 240624s9999 xx 000 0 und d |
| 041 ## - LANGUAGE CODE | |
| Language code of text/sound track or separate title | eng |
| 082 ## - DEWEY DECIMAL CLASSIFICATION NUMBER | |
| Classification number | 158.4 JAW |
| 100 ## - MAIN ENTRY--PERSONAL NAME | |
| Personal name | JAWAD ALI QASSIM |
| 245 ## - TITLE STATEMENT | |
| Title | LEADERSHIP INTELLIGENCE THE 5QS FOR THRI |
| 260 ## - PUBLICATION, DISTRIBUTION, ETC. | |
| Date of publication, distribution, etc. | 2019 |
| Place of publication, distribution, etc. | London |
| Name of publisher, distributor, etc. | BLOOMSBURY PUBLISHING |
| 300 ## - PHYSICAL DESCRIPTION | |
| Extent | xiv, 202 p.; 23 cm. |
| 365 ## - TRADE PRICE | |
| Currency code | |
| Price amount | 33 |
| Withdrawn status | Lost status | Damaged status | Not for loan | Home library | Current library | Shelving location | Date acquired | Total Checkouts | Full call number | Barcode | Date last seen | Date last checked out | Copy number | Price effective from | Koha item type |
|---|---|---|---|---|---|---|---|---|---|---|---|---|---|---|---|
| IMTN | IMTN | Rack 1-B | 07/02/2020 | 1 | 158.4 JAW | 32301 | 07/14/2025 | 07/04/2025 | 75 | 06/24/2024 | Books |